000 00600nam a2200229Ia 4500
003 OSt
005 20220923230332.0
006 a|||||r|||| 00| 0
007 ta
008 Pun
024 _a279,540
037 _cTextual
040 _aARTS
_cARTS
_bPun
041 _2Pun
_aPun
082 _aY73(P153):351, 153M5
100 _aਸਿੰਘ, ਨਾਹਰ
245 0 _aਮਾਲਵੇ ਦੇ ਟੱਪੇ
260 _c1985
650 _aਪੰਜਾਬੀ ਸਾਹਿਤ
942 _hY73(P153):351, 153M5
_cTEXL
_2CC
999 _c384043
_d384043